Réfs de Friends - C - Statistiques

Statistiques générales
  • Ce quiz a été pris 312 fois
  • Le résultat moyen est 11 sur 16
Statistiques - réponses
Par images Hint Réponse % Correct
Prénom Chandler
100%
Nom du café Central Perk
97%
Que déplace-t-il ? Canapé
95%
Matière du pantalon Cuir
95%
Prénom Carol
89%
Gâteau Cheesecake
81%
Instrument que veut jouer Ross au mariage de sa soeur Cornemuse
79%
Recette de la grand mère de Phoebe que cherche Monica Cookies
78%
Où met-il les livres qui lui font peur ? Congélateur
67%
Prénom Charlie
60%
Chanson Copacabana
53%
Qui a avalé la bague de fiançailles de Ross ? Canard
52%
"Allergie" Chien
51%
Maladie Calculs rénaux
47%
Prénom Chloe
23%
Prénom Caitlin
7%
Aucun quiz correspondant
Distribution des résultats
% des personnes avec chaque résultat
Percentile par nombre de réponses
Votre historique - résultats
Vous n’avez pas pris ce quiz